01254 a2200193 45000010006000000050017000060080041000230030015000640400040000790800077001192450138001960200022003342640032003563000019003885050445004070410008008521000057008608560143009173023420260407155614.0260407a2014 arg spa dAR-UNSa-BCEJYS aAR-UNSa-BCEJYSbspacAR-UNSa-BCEJYS a311.3xOrganización general de las estadisticas. Estadística oficial10aCenso Nacional de Población, Hogares y Viviendas 2010. Censo del Bicentenarioppoblación con dificultad o limitación permanente a978-950-896-442-7 1aBuenos Aires :bINDECc2014 a113 p.c25 cm. a1. Prevalencia y estructura sociodemográfica - 2. Distribución espacial - 3. Cantidad y tipo de dificultades o limitaciones permanentes - 4. Condiciones de vida de la personas con dificultad o limitación permanente - 5. Educación - 6. Ocupación - 7. Cobertura de salud y previsión social - 8. Situación conyugal y organización familiar - 9. Fecundidad - 10. Poblaciones específicas con dificultad o limitación permanente aspa1 aInstituto Nacional de Estadística y Censos (INDEC)41uhttps://biblioeco.unsa.edu.ar/pmb/images/libros/Poblacion con dificultad o limitacion permanente-d00004.jpgyImagen de portadaqimage/jpeg